[Event "Ïåðâåíñòâî Ìîñêâû"]
[Site "ÐœÐ¾Ñ�ÐºÐ²Ð°, ÐœÐ“Ð˜ÐœÐž Ð¿Ñ€."]
[Date "2018.11.19"]
[Round "3.8"]
[White "Äîðîôååâ "]
[Black "Òèìîôååâ"]
[Result "0-1"]
[WhiteElo "1511"]
[BlackElo "1802"]
[PlyCount "74"]
[EventDate "2018.11.18"]

1. d4 d5 2. c4 dxc4 3. e4 e5 4. d5 Nf6 5. Nc3 c6 6. Nf3 Bb4 7. Bg5 O-O 8. Bxc4
Qd6 9. Bxf6 Qxf6 10. Qe2 Bg4 11. h3 Bxf3 12. Qxf3 Qxf3 13. gxf3 Rc8 14. Rc1 Nd7
15. a3 Bxc3+ 16. Rxc3 Nb6 17. dxc6 Rxc6 18. Bb3 Rxc3 19. bxc3 Kf8 20. Kd2 Nd7
21. Bd5 Nc5 22. Rb1 Rd8 23. Ke3 b6 24. Rb4 g5 25. Rb1 f6 26. Rb4 Rd6 27. Rb1
Kg7 28. Rb4 h6 29. Rb1 Kf8 30. Rb4 Ke7 31. Rb1 Kd7 32. Rb2 Kc7 33. Rb1 Rd8 34.
c4 a6 35. Rb2 Rb8 36. Rc2 Kd6 37. Rc3 Nd7 {Çàïèñü íå ÿñíà} 0-1

[Event "Ïåðâåíñòâî Ìîñêâû"]
[Site "ÐœÐ¾Ñ�ÐºÐ²Ð°, ÐœÐ“Ð˜ÐœÐž Ð¿Ñ€."]
[Date "2018.11.19"]
[Round "3.9"]
[White "Áàéòóãàíîâ "]
[Black "Ëèñòîâ "]
[Result "1-0"]
[WhiteElo "1677"]
[BlackElo "1243"]
[PlyCount "77"]
[EventDate "2018.11.18"]

1. e4 e5 2. Nf3 Nc6 3. Bc4 Bc5 4. c3 Nf6 5. d3 d6 6. Bb3 h6 7. Nbd2 Ng4 8. O-O
O-O 9. h3 Nf6 10. Re1 Nh7 11. Nf1 Qf6 12. Be3 Ng5 13. Nxg5 hxg5 14. Nh2 Bb6 15.
Qd2 Bd7 16. Re2 Bxe3 17. Rxe3 Kh8 18. Rg3 Qf4 19. Qe2 g6 20. Ng4 Kg8 21. Qe1
Bxg4 22. Rxg4 Qf6 23. Qe3 Kg7 24. Rxg5 Rh8 25. Rf1 Rh4 26. Qg3 Rah8 27. Rf5 Qd8
28. Rxf7+ Kh6 29. Rxc7 Qxc7 30. Qxh4+ Kg7 31. Qg3 b5 32. f4 b4 33. f5 Rh6 34.
f6+ Kf8 35. Qg5 Qh7 36. f7 bxc3 37. Qg4 Ne7 38. Qd7 Rxh3 39. Qe8+ 1-0

[Event "Ïåðâåíñòâî Ìîñêâû"]
[Site "ÐœÐ¾Ñ�ÐºÐ²Ð°, ÐœÐ“Ð˜ÐœÐž Ð¿Ñ€."]
[Date "2018.11.19"]
[Round "3.10"]
[White "Ëåâêèí "]
[Black "Ãóáàíîâ "]
[Result "0-1"]
[WhiteElo "1952"]
[BlackElo "1666"]
[PlyCount "116"]
[EventDate "2018.11.18"]

1. Nf3 Nf6 2. d4 d5 3. c4 c6 4. e3 e6 5. Nbd2 Nbd7 6. Bd3 a6 7. O-O Be7 8. Qc2
O-O 9. Re1 b5 10. c5 Qc7 11. b3 e5 12. dxe5 Nxe5 13. Nxe5 Qxe5 14. Bb2 Qh5 15.
b4 Be6 16. e4 dxe4 17. Nxe4 Nd5 18. Ng3 Qh6 19. a3 a5 20. Re5 g6 21. Ne4 axb4
22. axb4 Rxa1+ 23. Bxa1 Nxb4 24. Qc3 Nxd3 25. Qxd3 Qc1+ 26. Qf1 Qxf1+ 27. Kxf1
Rd8 28. Ke2 Rd5 29. f3 Rxe5 30. Bxe5 Bd5 31. Nf6+ Bxf6 32. Bxf6 Kf8 33. Kd3 Ke8
34. Kc3 Kd7 35. Be5 Ke6 36. Bd6 g5 37. Bc7 f6 38. Kd4 f5 39. Ba5 f4 40. Kd3
Bc4+ 41. Ke4 h6 42. Bc3 h5 43. Bd2 h4 44. Ba5 Bd5+ 45. Kd4 Kf5 46. Be1 h3 47.
g3 Bxf3 48. gxf4 gxf4 49. Bf2 Bd5 50. Kd3 Kg4 51. Ke2 Bc4+ 52. Ke1 Kf3 53. Bd4
Kg2 54. Be5 f3 55. Bd4 f2+ 56. Bxf2 Kxh2 57. Bd4 Kg2 58. Be5 h2 0-1

[Event "Ïåðâåíñòâî Ìîñêâû"]
[Site "ÐœÐ¾Ñ�ÐºÐ²Ð°, ÐœÐ“Ð˜ÐœÐž Ð¿Ñ€."]
[Date "2018.11.19"]
[Round "3.11"]
[White "Êèðååâ "]
[Black "Òèòîâ"]
[Result "0-1"]
[WhiteElo "1675"]
[BlackElo "1922"]
[PlyCount "30"]
[EventDate "2018.11.18"]

1. e4 e6 2. d4 d5 3. Nc3 Nf6 4. Bg5 Be7 5. e5 Nfd7 6. Bxe7 Qxe7 7. f4 a6 8. Nf3
c5 9. Be2 Nc6 10. Qd2 b5 11. O-O O-O 12. Kh1 f6 13. f5 cxd4 14. Nxd4 Nxd4 15.
fxe6 Qc5 {çàïèñü íå ÿñíà} 0-1

[Event "Ïåðâåíñòâî Ìîñêâû"]
[Site "ÐœÐ¾Ñ�ÐºÐ²Ð°, ÐœÐ“Ð˜ÐœÐž Ð¿Ñ€."]
[Date "2018.11.19"]
[Round "3.12"]
[White "Êèì "]
[Black "Çàéöåâ"]
[Result "1-0"]
[WhiteElo "1913"]
[BlackElo "1544"]
[PlyCount "66"]
[EventDate "2018.11.18"]

1. d4 g6 2. c4 Nf6 3. g3 Bg7 4. Bg2 c6 5. Nf3 O-O 6. O-O d6 7. Nc3 Nbd7 8. e4
e5 9. d5 Nc5 10. Qc2 a5 11. h3 Nh5 12. Be3 cxd5 13. cxd5 b6 14. Rfd1 f5 15.
Bxc5 bxc5 16. Nd2 fxe4 17. Ndxe4 Bf5 18. Qa4 Bd7 19. Qc4 Qb6 20. b3 Qa6 21. Bf1
Qxc4 22. Bxc4 Bxh3 23. Nxd6 Nf6 24. Nde4 Bf5 25. Nxc5 e4 26. Ne6 Bxe6 27. dxe6
Rfe8 28. Rac1 e3 29. fxe3 Ng4 30. Nd5 Ra7 31. e7 Kh8 32. Bb5 Nxe3 33. Bxe8 Nxd1
1-0

[Event "Ïåðâåíñòâî Ìîñêâû"]
[Site "ÐœÐ¾Ñ�ÐºÐ²Ð°, ÐœÐ“Ð˜ÐœÐž Ð¿Ñ€."]
[Date "2018.11.19"]
[Round "3.13"]
[White "Çàãîðñêèé "]
[Black "Ðàòàòàåâ"]
[Result "1/2-1/2"]
[WhiteElo "1746"]
[BlackElo "1425"]
[PlyCount "86"]
[EventDate "2018.11.18"]

1. e4 c5 2. Nf3 e6 3. g3 g6 4. d4 Bg7 5. dxc5 Qa5+ 6. Bd2 Qxc5 7. Bc3 Bxc3+ 8.
Nxc3 Nc6 9. Nb5 Ne5 10. Nxe5 Qxe5 11. Bd3 a6 12. Nc3 Nf6 13. f4 Qa5 14. Qd2 d5
15. e5 Nd7 16. Ne4 Qxd2+ 17. Nxd2 Nc5 18. Be2 b5 19. c3 Bb7 20. O-O Rc8 21. b3
O-O 22. c4 dxc4 23. bxc4 Rfd8 24. Rfd1 Na4 25. Nb3 Rxd1+ 26. Bxd1 Rxc4 27. Na5
Rc7 28. Bxa4 bxa4 29. Nxb7 Rxb7 30. Rc1 Rb2 31. a3 Ra2 32. Rc3 Kg7 33. Re3 h6
34. g4 f5 35. gxf5 gxf5 36. Rc3 Kg6 37. Rc6 Rxa3 38. Rxe6+ Kh5 39. Rxa6 Ra1+
40. Kf2 Ra2+ 41. Kf3 Rxh2 42. Rxa4 Rh3+ 43. Kg2 Kg4 1/2-1/2

[Event "Ïåðâåíñòâî Ìîñêâû"]
[Site "ÐœÐ¾Ñ�ÐºÐ²Ð°, ÐœÐ“Ð˜ÐœÐž Ð¿Ñ€."]
[Date "2018.11.19"]
[Round "3.14"]
[White "Ðîñòîâöåâ "]
[Black "Ìàêøàíîâ "]
[Result "1-0"]
[WhiteElo "1321"]
[BlackElo "1555"]
[PlyCount "61"]
[EventDate "2018.11.18"]

1. e4 e5 2. Nf3 Nc6 3. Bb5 a6 4. Ba4 Nf6 5. O-O Be7 6. Re1 b5 7. Bb3 d6 8. c3
O-O 9. d4 Bb7 10. a4 exd4 11. cxd4 Na5 12. Bc2 Re8 13. Qe2 b4 14. e5 dxe5 15.
dxe5 Nd5 16. e6 fxe6 17. Qxe6+ Kh8 18. Ne5 Rf8 19. Nf7+ Rxf7 20. Qxf7 Bf6 21.
Nd2 Nf4 22. Be4 Bxe4 23. Nxe4 Nd3 24. Rd1 Qd4 25. Qe6 Nc4 26. Qf5 Rd8 27. Ng5
Bxg5 28. Bxg5 Ncxb2 29. Bxd8 Qxd8 30. Rab1 Nxd1 31. Rxd1 1-0

[Event "Ïåðâåíñòâî Ìîñêâû"]
[Site "ÐœÐ¾Ñ�ÐºÐ²Ð°, ÐœÐ“Ð˜ÐœÐž Ð¿Ñ€."]
[Date "2018.11.19"]
[Round "3.15"]
[White "Ôðèäìàí "]
[Black "Î÷èðîâ "]
[Result "0-1"]
[WhiteElo "1705"]
[BlackElo "1661"]
[PlyCount "100"]
[EventDate "2018.11.18"]

1. Nf3 Nf6 2. g3 g6 3. c4 Bg7 4. Nc3 O-O 5. Bg2 d6 6. O-O e5 7. d3 Nbd7 8. Bd2
c6 9. b4 Qc7 10. a4 Re8 11. Qc2 Rb8 12. b5 Nc5 13. Be3 Ne6 14. Bxa7 Ra8 15. Be3
Nd7 16. Nd2 Ndc5 17. Nb3 Nd4 18. Bxd4 Nxb3 19. Qxb3 exd4 20. Ne4 f5 21. Ng5 h6
22. c5+ d5 23. Nf3 Rxe2 24. Rfe1 Rxe1+ 25. Nxe1 Kh7 26. b6 Qf7 27. Qb4 f4 28.
a5 fxg3 29. hxg3 Rb8 30. Nf3 Qf5 31. Qd2 Qf6 32. Ne1 Qe7 33. Rc1 Bf5 34. Qb4
Qe2 35. Bf1 Qa2 36. Nc2 Ra8 37. Na3 h5 38. Rd1 Bg4 39. Rb1 Bh6 40. Rb2 Qa1 41.
Rb1 Qa2 42. f4 g5 43. Re1 gxf4 44. Re7+ Kg6 45. gxf4 Bxf4 46. Bg2 Be3+ 47. Kh2
Bf3 48. Re6+ Kf7 49. Kh3 Qxg2+ 50. Kh4 Qg4# 0-1

[Event "Ïåðâåíñòâî Ìîñêâû"]
[Site "ÐœÐ¾Ñ�ÐºÐ²Ð°, ÐœÐ“Ð˜ÐœÐž Ð¿Ñ€."]
[Date "2018.11.19"]
[Round "3.16"]
[White "Êîðøóíîâ "]
[Black "Ðóñòàìîâ"]
[Result "0-1"]
[WhiteElo "1229"]
[BlackElo "1638"]
[PlyCount "84"]
[EventDate "2018.11.18"]

1. d4 d5 2. c4 e6 3. Nc3 Nf6 4. Nf3 b6 5. Bg5 Be7 6. e3 Bb7 7. cxd5 exd5 8. Bd3
O-O 9. O-O h6 10. Bh4 Nbd7 11. Rc1 Ne4 12. Bxe7 Qxe7 13. Nd2 Nxc3 14. bxc3 c5
15. Nf3 cxd4 16. cxd4 Rac8 17. Qa4 a5 18. Bb5 Nb8 19. Ne5 Rxc1 20. Rxc1 Rc8 21.
Rxc8+ Bxc8 22. Qb3 Be6 23. Nc6 Nxc6 24. Bxc6 Qb4 25. Qxb4 axb4 26. Kf1 Kf8 27.
Ke2 Ke7 28. Kd2 Kd6 29. Bb5 Bd7 30. Bxd7 Kxd7 31. Kc2 Kc6 32. Kb3 Kb5 33. h4 h5
34. f3 f5 35. g3 g6 36. Kb2 Ka4 37. e4 fxe4 38. f4 e3 39. Kc2 Ka3 40. g4 Kxa2
41. f5 b3+ 42. Kc3 e2 0-1

[Event "Ïåðâåíñòâî Ìîñêâû"]
[Site "ÐœÐ¾Ñ�ÐºÐ²Ð°, ÐœÐ“Ð˜ÐœÐž Ð¿Ñ€."]
[Date "2018.11.19"]
[Round "3.17"]
[White "Êóøíàðåíêî "]
[Black "Êàëèòà "]
[Result "1-0"]
[WhiteElo "1722"]
[BlackElo "1597"]
[PlyCount "69"]
[EventDate "2018.11.18"]

1. e4 c5 2. c4 Nc6 3. Nc3 e6 4. Nge2 d6 5. d3 Nf6 6. g3 Be7 7. Bg2 O-O 8. O-O
a6 9. f4 Qc7 10. h3 h6 11. Be3 Rb8 12. g4 Nh7 13. f5 b5 14. Qd2 b4 15. Nd1 exf5
16. gxf5 Bf6 17. Nf4 Bd4 18. Nd5 Qd8 19. Bxd4 cxd4 20. Nf2 Qg5 21. Qxg5 Nxg5
22. Ng4 h5 23. Nh2 Ne5 24. Rad1 g6 25. h4 Nh7 26. Nf3 Nxf3+ 27. Bxf3 Kg7 28.
Ne7 Bd7 29. fxg6 fxg6 30. Nd5 Be6 31. Nc7 Bc8 32. Be2 Nf6 33. Rf2 Rf7 34. Rdf1
Rxc7 35. Rxf6 {Çàïèñü íå ÿñíà} 1-0

[Event "Ïåðâåíñòâî Ìîñêâû"]
[Site "ÐœÐ¾Ñ�ÐºÐ²Ð°, ÐœÐ“Ð˜ÐœÐž Ð¿Ñ€."]
[Date "2018.11.19"]
[Round "3.18"]
[White "Äàâèäÿí "]
[Black "Àðáóçîâ"]
[Result "1/2-1/2"]
[WhiteElo "1309"]
[BlackElo "1789"]
[PlyCount "81"]
[EventDate "2018.11.18"]

1. e4 d6 2. d4 Nf6 3. Nc3 Nbd7 4. g3 e5 5. Nge2 Be7 6. Bg2 O-O 7. O-O c6 8. a4
a5 9. h3 exd4 10. Nxd4 Nc5 11. Re1 Re8 12. b3 Bf8 13. g4 h6 14. Bf4 Ne6 15.
Nxe6 Bxe6 16. Qd2 Qd7 17. Rad1 Rad8 18. Qe3 d5 19. Ne2 Qc8 20. e5 Nh7 21. Bg3
f5 22. exf6 Nxf6 23. Qd3 Bc5 24. Bh4 Rf8 25. Nd4 Bd7 26. Kh1 Rde8 27. Rf1 Ne4
28. Bxe4 Rxe4 29. c3 Rfe8 30. Qd2 h5 31. f3 Re3 32. Rde1 Rxe1 33. Rxe1 hxg4 34.
fxg4 Rxe1+ 35. Qxe1 Qe8 36. Qxe8+ Bxe8 37. Ne6 Be3 38. Kg2 b6 39. Kf3 Bg1 40.
Bd8 Bd7 41. Nd4 1/2-1/2

[Event "Ïåðâåíñòâî Ìîñêâû"]
[Site "ÐœÐ¾Ñ�ÐºÐ²Ð°, ÐœÐ“Ð˜ÐœÐž Ð¿Ñ€."]
[Date "2018.11.19"]
[Round "3.19"]
[White "Ñàéêèí "]
[Black "Íàñûðîâ"]
[Result "1-0"]
[WhiteElo "1657"]
[BlackElo "1738"]
[PlyCount "61"]
[EventDate "2018.11.18"]

1. d4 f5 2. e4 fxe4 3. Nc3 Nf6 4. Bg5 g6 5. f3 e3 6. Qd3 Bg7 7. O-O-O O-O 8. h4
d5 9. g4 e2 10. Bxe2 Be6 11. Nh3 Bf7 12. Rdg1 Nbd7 13. Nf4 Re8 14. h5 Nf8 15.
Qd2 Qd6 16. hxg6 Nxg6 17. Nxg6 Bxg6 18. Bf4 Qd8 19. Be5 c6 20. f4 e6 21. Bd3
Re7 22. f5 Be8 23. g5 Nd7 24. f6 Rf7 25. fxg7 Nxe5 26. Bxh7+ Kxg7 27. dxe5 Qb6
28. g6 Rc7 29. Qh6+ Kh8 30. g7+ Rxg7 31. Qxg7# 1-0

[Event "Ïåðâåíñòâî Ìîñêâû"]
[Site "ÐœÐ¾Ñ�ÐºÐ²Ð°, ÐœÐ“Ð˜ÐœÐž Ð¿Ñ€."]
[Date "2018.11.19"]
[Round "3.20"]
[White "Áîãåð "]
[Black "Ñîëîæåíêèí "]
[Result "1-0"]
[WhiteElo "1672"]
[BlackElo "1533"]
[PlyCount "66"]
[EventDate "2018.11.18"]

1. e4 e6 2. d3 d5 3. Nd2 c5 4. g3 Nc6 5. Bg2 Nf6 6. f4 b6 7. e5 Nd7 8. c4 Ne7
9. Ngf3 Nf5 10. Qe2 Bb7 11. O-O Qc7 12. g4 Ne7 13. f5 h6 14. a3 O-O-O 15. fxe6
fxe6 16. b4 g5 17. bxc5 Nxc5 18. d4 Ne4 19. cxd5 Nc3 20. Qd3 Ncxd5 21. Ne4 Nc6
22. Bxg5 hxg5 23. Nfxg5 Bh6 24. Nf7 Be3+ 25. Kh1 Bxd4 26. Ned6+ Kb8 27. Nxd8
Nxd8 28. Qxd4 Qh7 29. h3 Qc2 30. Nxb7 Kxb7 31. Rf2 Qg6 32. Raf1 Qh6 33. Kg1 Qe3
{çàïèñü íå ÿñíà} 1-0

[Event "Ïåðâåíñòâî Ìîñêâû"]
[Site "ÐœÐ¾Ñ�ÐºÐ²Ð°, ÐœÐ“Ð˜ÐœÐž Ð¿Ñ€."]
[Date "2018.11.19"]
[Round "3.21"]
[White "Ëàðè÷åâ "]
[Black "Ïàíüêèí "]
[Result "1-0"]
[WhiteElo "1848"]
[BlackElo "1497"]
[PlyCount "73"]
[EventDate "2018.11.18"]

1. e4 e5 2. Nf3 Nc6 3. Bb5 a6 4. Bxc6 dxc6 5. O-O Bg4 6. h3 h5 7. d3 Bxf3 8.
Qxf3 Bc5 9. Nc3 Ne7 10. Be3 Qd6 11. Rad1 f6 12. Qg3 g5 13. d4 Bxd4 14. Ne2 Qe6
15. Bxd4 exd4 16. Nxd4 Qd6 17. Qb3 O-O-O 18. g3 Rdg8 19. Qf7 Qe5 20. Ne6 Ng6
21. Rd7 Qb5 22. Rxc7+ Kb8 23. a4 Qb6 24. a5 Qb5 25. Nd4 Ne5 26. Qxg8+ Rxg8 27.
Nxb5 axb5 28. Rh7 h4 29. Ra1 Nc4 30. a6 bxa6 31. b3 Nd2 32. Rxa6 Nxe4 33. Re7
Nc3 34. Rxc6 Nd5 35. Re1 Rf8 36. Rc5 Nf4 37. Rxb5+ 1-0

[Event "Ïåðâåíñòâî Ìîñêâû"]
[Site "ÐœÐ¾Ñ�ÐºÐ²Ð°, ÐœÐ“Ð˜ÐœÐž Ð¿Ñ€."]
[Date "2018.11.19"]
[Round "3.22"]
[White "Çóðàáÿí "]
[Black "Äåíèñîâ "]
[Result "0-1"]
[WhiteElo "1905"]
[BlackElo "1394"]
[PlyCount "47"]
[EventDate "2018.11.18"]

1. e4 c5 2. Nf3 d6 3. d4 cxd4 4. Qxd4 Nc6 5. Bb5 Qa5+ 6. Nc3 Qxb5 7. Nxb5 Nxd4
8. Nfxd4 Kd8 9. Bd2 Bd7 10. O-O-O e5 11. Bb4 exd4 12. Nxd4 Nf6 13. f3 Rc8 14.
Nf5 Bxf5 15. exf5 Kd7 16. g4 h6 17. Rhe1 Rc4 18. a3 Be7 19. b3 Rc6 20. Kb2 Re8
21. Re2 b6 22. a4 a5 23. Ba3 Bf8 24. h4 {çàïèñü íå ÿñíà} 0-1

[Event "Ïåðâåíñòâî Ìîñêâû"]
[Site "ÐœÐ¾Ñ�ÐºÐ²Ð°, ÐœÐ“Ð˜ÐœÐž Ð¿Ñ€."]
[Date "2018.11.19"]
[Round "3.23"]
[White "Ôåäîðîâ "]
[Black "Áîãäàñàðÿí "]
[Result "1-0"]
[WhiteElo "1313"]
[BlackElo "1413"]
[PlyCount "68"]
[EventDate "2018.11.18"]

1. d4 d5 2. Nf3 Nf6 3. e3 Bg4 4. Nbd2 e6 5. b3 Be7 6. Bb2 O-O 7. Be2 Nbd7 8.
O-O c5 9. h3 Bh5 10. Ne5 Bxe2 11. Qxe2 Rc8 12. Rac1 Nb6 13. f4 Nfd7 14. Qg4
Nxe5 15. dxe5 c4 16. Bc3 cxb3 17. cxb3 Bc5 18. Bd4 Bxd4 19. exd4 Qe7 20. Nf3
Kh8 21. Nh4 Rg8 22. Rxc8 Nxc8 23. f5 g6 24. fxg6 hxg6 25. Qg3 a6 26. Rf6 Rg7
27. Qg5 Kg8 28. Nf3 Na7 29. Nh2 Nc6 30. Qf4 Nb4 31. a3 Nc2 32. Nf3 Nxa3 33. Ng5
Nb1 34. Qh4 {çàïèñü íå ÿñíà} Qa3 1-0

[Event "Ïåðâåíñòâî Ìîñêâû"]
[Site "ÐœÐ¾Ñ�ÐºÐ²Ð°, ÐœÐ“Ð˜ÐœÐž Ð¿Ñ€."]
[Date "2018.11.19"]
[Round "3.24"]
[White "Êîçëîâ "]
[Black "Ùèïèöèí "]
[Result "1/2-1/2"]
[WhiteElo "1559"]
[BlackElo "1332"]
[PlyCount "53"]
[EventDate "2018.11.18"]

1. d4 Nf6 2. c4 g6 3. Nf3 Bg7 4. g3 O-O 5. Bg2 d5 6. Nbd2 Nbd7 7. O-O c5 8.
cxd5 Nxd5 9. Nb3 c4 10. Nbd2 b5 11. a4 bxa4 12. Nxc4 N7b6 13. Nxb6 Qxb6 14.
Qxa4 Bb7 15. Ne5 Rfc8 16. e3 Bxe5 17. dxe5 Qe6 18. Qb3 Bc6 19. Rd1 Rd8 20. e4
Nc7 21. Rxd8+ Rxd8 22. Qc2 Nb5 23. Be3 Nd4 24. Bxd4 Rxd4 25. b3 Qd7 26. Rc1 Bb7
27. Bf3 {çàïèñü íå ÿñíà} 1/2-1/2

[Event "Ïåðâåíñòâî Ìîñêâû"]
[Site "ÐœÐ¾Ñ�ÐºÐ²Ð°, ÐœÐ“Ð˜ÐœÐž Ð¿Ñ€."]
[Date "2018.11.19"]
[Round "3.25"]
[White "Ñåäíåâ "]
[Black "Íàáàòÿí "]
[Result "0-1"]
[WhiteElo "1293"]
[BlackElo "1206"]
[PlyCount "64"]
[EventDate "2018.11.18"]

1. e4 c5 2. Nf3 d6 3. Bb5+ Bd7 4. Bxd7+ Nxd7 5. O-O g6 6. Re1 Bg7 7. c3 Ngf6 8.
d4 cxd4 9. cxd4 O-O 10. Nc3 Rc8 11. Qe2 Nb6 12. e5 dxe5 13. dxe5 Nfd5 14. Nxd5
Qxd5 15. Bf4 f5 16. Bg5 Rfe8 17. b3 Bf8 18. Rad1 Qa5 19. Nd4 e6 20. h4 Nd5 21.
Qf3 Nc3 22. Ra1 Ne4 23. Be3 Bb4 24. Rec1 Bc3 25. h5 Bxa1 26. Rxa1 Qxe5 27. hxg6
hxg6 28. Rc1 Qg7 29. g4 e5 30. Ne2 Nc3 31. Nxc3 Rxc3 32. Rxc3 e4 {
çàïèñü íå ÿñíà} 0-1

[Event "Ïåðåâåíñòâî Ìîñêâû"]
[Site "ÐœÐ¾Ñ�ÐºÐ²Ð°, ÐœÐ“Ð˜ÐœÐž Ð¿Ñ€."]
[Date "2018.11.20"]
[Round "4.1"]
[White "Mishuris, Matvey"]
[Black "Kurus, Artem"]
[Result "1-0"]
[WhiteElo "1997"]
[BlackElo "1800"]
[PlyCount "89"]
[EventDate "2018.11.18"]

1. d4 Nf6 2. Nf3 g6 3. g3 Bg7 4. Bg2 O-O 5. c4 c6 6. O-O d5 7. cxd5 cxd5 8. Nc3
Nc6 9. Ne5 Bf5 10. Nxc6 bxc6 11. Bf4 Ne4 12. Nxe4 Bxe4 13. f3 Bf5 14. e3 Qb6
15. g4 Bd7 16. Qd2 c5 17. dxc5 Qxc5 18. Rac1 Qb5 19. Rfd1 e5 20. Bg3 Be6 21. h3
Rfc8 22. Bf1 Qb7 23. b3 f6 24. f4 e4 25. f5 gxf5 26. gxf5 Rxc1 27. Rxc1 Bf7 28.
Rc7 Qb8 29. Bf4 Qf8 30. Ba6 Kh8 31. Qc3 Qg8 32. Kh2 Qf8 33. b4 Kg8 34. Qd4 h5
35. a3 Kh8 36. Rxa7 Rxa7 37. Qxa7 Bg8 38. Be2 Qc8 39. Qb8 Qxf5 40. Qa8 d4 41.
Bc4 Qh7 42. Bxg8 Qxg8 43. Qxg8+ Kxg8 44. exd4 Kf7 45. b5 1-0

[Event "Ïåðåâåíñòâî Ìîñêâû"]
[Site "ÐœÐ¾Ñ�ÐºÐ²Ð°, ÐœÐ“Ð˜ÐœÐž Ð¿Ñ€."]
[Date "2018.11.20"]
[Round "4.2"]
[White "Gerasimov, Vadim"]
[Black "Vasilyev, Alexey"]
[Result "0-1"]
[WhiteElo "1836"]
[BlackElo "1995"]
[PlyCount "78"]
[EventDate "2018.11.18"]

1. e4 c5 2. Nf3 e6 3. d4 cxd4 4. Nxd4 Nc6 5. c4 Nf6 6. Nxc6 bxc6 7. Bd3 e5 8.
O-O Bc5 9. Nc3 O-O 10. Qe2 d6 11. h3 Nd7 12. Rb1 a5 13. Be3 Bxe3 14. Qxe3 Nc5
15. Ne2 Ba6 16. Nc3 Qe7 17. Rfd1 Rfd8 18. b3 Rab8 19. Bf1 h6 20. Rd2 Ne6 21.
Rbd1 Kh7 22. g3 Nd4 23. Ne2 c5 24. Nc3 Bb7 25. Bd3 g6 26. Rf1 f5 27. f4 exf4
28. Rxf4 Rf8 29. Rdf2 g5 30. Rxf5 Nxf5 31. e5 dxe5 32. Bxf5+ Kg7 33. g4 Rbd8
34. Re2 Rfe8 35. Kh2 e4 36. Bxe4 Rd4 37. Qf3 Bxe4 38. Nxe4 Rxe4 39. Rf2 Rf4 0-1

[Event "Ïåðåâåíñòâî Ìîñêâû"]
[Site "ÐœÐ¾Ñ�ÐºÐ²Ð°, ÐœÐ“Ð˜ÐœÐž Ð¿Ñ€."]
[Date "2018.11.20"]
[Round "4.3"]
[White "Tarasov, Danila"]
[Black "Baituganov, Vyacheslav"]
[Result "1-0"]
[WhiteElo "1852"]
[BlackElo "1677"]
[PlyCount "121"]
[EventDate "2018.11.18"]

1. c4 c6 2. g3 d5 3. Bg2 Nf6 4. Nf3 a6 5. Qc2 e6 6. O-O Bd6 7. d4 O-O 8. c5 Bc7
9. Bf4 b6 10. Bxc7 Qxc7 11. cxb6 Qxb6 12. Nc3 Nbd7 13. Na4 Qb5 14. Rfc1 Bb7 15.
e3 a5 16. Bf1 Qb4 17. Ne1 Qd6 18. Nd3 Ba6 19. Nac5 Bb5 20. Nxd7 Nxd7 21. Nc5 a4
22. Qd2 Bxf1 23. Kxf1 Rfb8 24. Nxd7 Qxd7 25. Rc2 Qb7 26. Rac1 Qb5+ 27. Kg2 Ra6
28. Qc3 g6 29. Qa3 Rab6 30. Rc5 Qa6 31. R1c2 Qa8 32. Qc3 Qb7 33. Ra5 Ra8 34.
Rxa8+ Qxa8 35. Qc5 Rb5 36. Qd6 Qb8 37. Qxc6 Rxb2 38. Qxa4 Qb5 39. Qxb5 Rxb5 40.
a4 Ra5 41. Ra2 Kf8 42. Kf3 Ke7 43. Ke2 Kd6 44. Kd3 Kc6 45. g4 Ra7 46. h4 Kb6
47. Ke2 f6 48. Kf3 h5 49. Kf4 hxg4 50. Kxg4 Ka5 51. Rb2 Rh7 52. Rb8 Kxa4 53.
Re8 f5+ 54. Kg5 Rh5+ 55. Kxg6 Rxh4 56. f4 Rg4+ 57. Kf6 Kb4 58. Rxe6 Kc4 59.
Kxf5 Rg3 60. Re5 Kd3 61. Ke6 1-0

[Event "Ïåðåâåíñòâî Ìîñêâû"]
[Site "ÐœÐ¾Ñ�ÐºÐ²Ð°, ÐœÐ“Ð˜ÐœÐž Ð¿Ñ€."]
[Date "2018.11.20"]
[Round "4.4"]
[White "Knjazev, Artem"]
[Black "Shirokikh, Ivan"]
[Result "1/2-1/2"]
[WhiteElo "1829"]
[BlackElo "1473"]
[PlyCount "76"]
[EventDate "2018.11.18"]

1. e4 e6 2. d4 d5 3. exd5 exd5 4. c4 Nf6 5. Nf3 Be7 6. Nc3 c6 7. Bd3 Be6 8. c5
Bg4 9. h3 Bh5 10. Bf4 O-O 11. O-O Nbd7 12. a3 Bg6 13. Re1 Re8 14. Qd2 Nf8 15.
Ne5 Ne6 16. Bxg6 hxg6 17. Nxg6 Nxf4 18. Nxe7+ Rxe7 19. Qxf4 Rxe1+ 20. Rxe1 Qd7
21. Kf1 Rd8 22. Re5 b6 23. b4 bxc5 24. bxc5 Re8 25. Rxe8+ Qxe8 26. Qc7 Ne4 27.
Nxe4 Qxe4 28. Qb8+ Kh7 29. Qb2 Qd3+ 30. Kg1 a5 31. Kh2 a4 32. Qb6 Qxd4 33. Qxc6
Qf4+ 34. Kh1 Qc1+ 35. Kh2 Qf4+ 36. Kh1 Qc1+ 37. Kh2 Qf4+ 38. Kh1 Qc1+ 1/2-1/2

[Event "Ïåðåâåíñòâî Ìîñêâû"]
[Site "ÐœÐ¾Ñ�ÐºÐ²Ð°, ÐœÐ“Ð˜ÐœÐž Ð¿Ñ€."]
[Date "2018.11.20"]
[Round "4.5"]
[White "Timofeev, Lev"]
[Black "Kim, Andrey"]
[Result "1-0"]
[WhiteElo "1802"]
[BlackElo "1913"]
[PlyCount "89"]
[EventDate "2018.11.18"]

1. e4 e6 2. d4 d5 3. Nd2 Nf6 4. e5 Nfd7 5. Bd3 c5 6. c3 Nc6 7. Ne2 cxd4 8. cxd4
f6 9. exf6 Nxf6 10. Nf3 Bd6 11. O-O Qc7 12. g3 O-O 13. Bf4 Bd7 14. Bxd6 Qxd6
15. Nf4 Ne4 16. Re1 Rxf4 17. gxf4 Qxf4 18. Bxe4 dxe4 19. Ne5 Nxe5 20. dxe5 Qg5+
21. Kh1 Bc6 22. Re3 Rd8 23. Qc2 Qxe5 24. Rg1 g6 25. Rgg3 Qd5 26. Kg2 Qxa2 27.
Rg5 Qa6 28. Qb3 Bd5 29. Qc3 Qd6 30. Rh3 e3+ 31. f3 Be4 32. fxe4 Qd2+ 33. Kh1
Qd1+ 34. Rg1 e2 35. Re3 Rf8 36. Qe5 Rf1 37. Qg3 e5 38. h4 a6 39. h5 e1=Q 40.
Rxe1 Qxh5+ 41. Kg2 Rxg1+ 42. Kxg1 g5 43. Rf1 h6 44. Qb3+ Kg7 45. Qxb7+ 1-0

[Event "Ïåðåâåíñòâî Ìîñêâû"]
[Site "ÐœÐ¾Ñ�ÐºÐ²Ð°, ÐœÐ“Ð˜ÐœÐž Ð¿Ñ€."]
[Date "2018.11.20"]
[Round "4.6"]
[White "Titov, Alexander"]
[Black "Vorontsov, Alexandr"]
[Result "1/2-1/2"]
[WhiteElo "1922"]
[BlackElo "1643"]
[PlyCount "83"]
[EventDate "2018.11.18"]

1. d4 d5 2. c4 c6 3. Nc3 Nf6 4. Nf3 e6 5. Bg5 Be7 6. e3 O-O 7. h3 Nbd7 8. cxd5
exd5 9. Bd3 Re8 10. O-O Nf8 11. Rb1 a5 12. Qc2 Ng6 13. Bxf6 Bxf6 14. a3 Kh8 15.
Na4 Nh4 16. Nxh4 Bxh4 17. b4 axb4 18. axb4 Qg5 19. f4 Qd8 20. Rf3 g5 21. fxg5
Qxg5 22. Nb6 Ra3 23. Nxc8 Rxe3 24. Rbf1 Raxd3 25. Rxf7 Rg3 26. Re7 Qg8 27. Rxb7
Rxg2+ 28. Qxg2 Rg3 29. Rf2 Qd8 30. Rff7 Rxg2+ 31. Kxg2 Qg5+ 32. Kf3 Qg3+ 33.
Ke2 Qe1+ 34. Kd3 Qd1+ 35. Ke3 Bg5+ 36. Kf2 Qxd4+ 37. Kg2 Qe4+ 38. Kf2 Be3+ 39.
Kg3 Qe5+ 40. Kf3 Qe4+ 41. Kg3 Qe5+ 42. Kf3 1/2-1/2

[Event "Ïåðåâåíñòâî Ìîñêâû"]
[Site "ÐœÐ¾Ñ�ÐºÐ²Ð°, ÐœÐ“Ð˜ÐœÐž Ð¿Ñ€."]
[Date "2018.11.20"]
[Round "4.7"]
[White "Soloviev, Vladislav"]
[Black "Kushnarenko, Egor"]
[Result "1/2-1/2"]
[WhiteElo "1919"]
[BlackElo "1722"]
[PlyCount "92"]
[EventDate "2018.11.18"]

1. d4 Nf6 2. Nc3 d5 3. Bf4 c6 4. e3 Bf5 5. f3 e6 6. g4 Bg6 7. h4 h6 8. Bd3 Bxd3
9. Qxd3 Bd6 10. Nge2 Bxf4 11. Nxf4 Qb6 12. O-O-O Nbd7 13. g5 Nh7 14. g6 Nhf8
15. gxf7+ Kxf7 16. e4 Qc7 17. Nce2 Rg8 18. Qe3 Re8 19. Rhg1 Re7 20. Rde1 Nb6
21. Nd3 Nc4 22. Qf2 Ke8 23. b3 Nd6 24. Ng3 Kd8 25. e5 Ne8 26. Qe3 Rf7 27. Nh5
Qe7 28. Rg4 Rf5 29. Ng3 Rf7 30. Nh5 Rf5 31. Ng3 Rf7 32. f4 Rh8 33. h5 Nc7 34.
Rf1 Qd7 35. Rf3 b6 36. Qf2 Nh7 37. Ne1 Rhf8 38. Ng2 Ng5 39. Rd3 Na6 40. Qd2 Nh7
41. Re3 Nc7 42. Qd3 Rh8 43. Nh4 Nf8 44. Ng6 Nxg6 45. hxg6 Rff8 46. Rf3 Qe7
1/2-1/2

[Event "Ïåðåâåíñòâî Ìîñêâû"]
[Site "ÐœÐ¾Ñ�ÐºÐ²Ð°, ÐœÐ“Ð˜ÐœÐž Ð¿Ñ€."]
[Date "2018.11.20"]
[Round "4.8"]
[White "Rustamov, Sezqin"]
[Black "Kirushin, Ivan"]
[Result "0-1"]
[WhiteElo "1638"]
[BlackElo "1801"]
[PlyCount "78"]
[EventDate "2018.11.18"]

1. d4 d5 2. c4 c6 3. Nf3 Nf6 4. cxd5 cxd5 5. g3 Nc6 6. Bg2 e6 7. O-O Bd6 8.
Nbd2 O-O 9. b3 b6 10. Bb2 Bb7 11. Rc1 Qe7 12. e3 Rfd8 13. Qc2 Nb4 14. Qb1 Ba6
15. Rfd1 Be2 16. a3 Bxd1 17. Rxd1 Nc6 18. b4 a6 19. Ne5 Bxe5 20. dxe5 Nd7 21.
f4 a5 22. b5 Na7 23. Bf1 f6 24. Nf3 fxe5 25. Nxe5 Nxe5 26. Bxe5 Nc8 27. Bd3 g6
28. Qb2 Rd7 29. Rc1 Nd6 30. Bd4 Rc7 31. Bxb6 Rxc1+ 32. Qxc1 Rc8 33. Qb1 Nc4 34.
Bd4 Qxa3 35. Bxg6 Nxe3 36. Bxh7+ Kf8 37. Bg7+ Ke7 38. Qb2 Rc1+ 39. Kf2 Nd1+ 0-1

[Event "Ïåðåâåíñòâî Ìîñêâû"]
[Site "ÐœÐ¾Ñ�ÐºÐ²Ð°, ÐœÐ“Ð˜ÐœÐž Ð¿Ñ€."]
[Date "2018.11.20"]
[Round "4.9"]
[White "Gubanov, Timofey"]
[Black "Rostovtsev, Dmitry"]
[Result "1/2-1/2"]
[WhiteElo "1666"]
[BlackElo "1321"]
[PlyCount "87"]
[EventDate "2018.11.18"]

1. d4 Nf6 2. Nf3 g6 3. c4 Bg7 4. Nc3 d6 5. e4 O-O 6. Be2 e5 7. O-O Nc6 8. d5
Ne7 9. Ne1 Nd7 10. Nd3 f5 11. Bd2 Nf6 12. f3 f4 13. g4 g5 14. c5 Ng6 15. cxd6
cxd6 16. Be1 h5 17. h3 Rf7 18. Kg2 Bf8 19. Rh1 Bd7 20. Qb3 Qc8 21. Qd1 Rh7 22.
Rc1 hxg4 23. hxg4 Rxh1 24. Kxh1 Qe8 25. Rc2 Rc8 26. Bf1 Be7 27. Rh2 Bd8 28. Bf2
Bb6 29. Bxb6 axb6 30. Ne1 Qd8 31. a4 Qc7 32. Bb5 Kg7 33. Qd2 Nh4 34. Bxd7 Nxd7
35. Qe2 Nc5 36. Ng2 Ng6 37. Qb5 Ra8 38. Qc4 Qd7 39. b3 Rc8 40. Rh5 Kf6 41. Rh6
Kg7 42. Rh5 Kf6 43. Rh6 Kg7 44. Rh5 1/2-1/2